000 01079nam a2200289 i 4500
003 EG-GICUC
005 20260121101218.0
008 251113s1992 ua ||||fr|||| 00| 0 ara d
040 _a EG-GICUC
_bara
_c EG-GICUC
_d EG-GICUC
_erda
041 0 _aara
082 0 4 _221
_a345
_bع ا . ن
092 0 4 _221
099 _aLaw1 07 345 ع ا . ن 1992
100 0 _aعاطف نصر مسلمی علي
_eمؤلف.
245 1 0 _aنظرية الأوضاع الظاهرة في القانون الإداري :
_bدراسة مقارنة /
_cدکتور عاطف نصر مسلمی علي.
264 1 _aالقاهرة :
_bجامعة عين شمس،
_c1992.
300 _a470 ؛صفحة
_c24 سم.
336 _2rda content
_atext
337 _2rda media
_aComputer
338 _2rda carrier
_aOnline Resource
504 _aيشتمل على إرجاعات ببليوغرافية.
546 _aالنص باللغة العربية
650 1 4 _aالقانون الإداري
856 4 0 _uhttps://fll.law.cu.edu.eg/fulltext/bks/B07-00604.pdf
905 _a32
942 _2ddc
_cBK
_e21
_n0
999 _c43067
_d43067